1037 1805 1158 1925 1463 1070 1068 1042 1725 1039 1728 1467 1768 1368 1032 1754 1661 1486 1427 1353 1033 1417 1674 1538 1848 1750 1923 1731 1742 1414 1218 1844 1727 1699 1741 1044 1476 1877 1921 1548 1992 1343 1515 1605 1173 1031 1187 1271 1205 1067 1022 1721 1572 1648 1011 1261 1493 1918 1678 1265 1542 1243 1173 1644 1485 1325 1822 1004 1643 1888 1848 1658 1753 1350 1098 1282 1913 1370 1041 1464 1724 1032 1835 1940 1690 1131 1976 1879 1365 1158 1844 1103 1967 1843 1486 1534 1095 1756 1604 BCNSPRNW ULIB Ver.6.0+V

เปลี่ยนเป็นภาษาไทย

Change to English
 แสดงรายละเอียดบรรณานุกรม
  กลับหน้าหลัก

Brief Record : Get Marc (ISO 2709) : E-mail record : QR code < ปิดหน้าต่าง
LEADER : 00000nam 2200000uu 4500
001    13399121075
003     ULIB
008    120321s2552||||th 000 0 tha d
020    ^a9786110000130
090    ^aนว.^bอ991ม
100 0  ^aไอศิยา
245 00 ^aมนตราอธิฐาน/^cไอศิยา
250    ^aพิมพ์ครั้งที่ 1
260    ^aกรุงเทพฯ :^bพิมพ์คำ,^c2552
300    ^a264 หน้า
710 1  ^aพิมพ์คำ
945    ^p170^l0^i15910
995    ^aกัณชพร
999    ^aใช้งานได้ทุกระบบ
รายการนี้ยังไม่มีแท็ก
คุณยังไม่ได้ล็อกอิน คุณสามารถมีกิจกรรมร่วมกับเว็บไซต์ได้ แต่ต้องล็อกอินก่อน ::
  ล็อกอิน

รายการสื่อสารสนเทศ

ลำดับที่ ประเภท เลขเรียก/บาร์โค้ด สถานที่ สถานะ
1. นวนิยาย
นวนิยาย
นว. อ991ม  
  Barcode: 15910
ห้องสมุดวิทยาเขตสวรรค์ประชารักษ์
►นวนิยาย
บนชั้น
  ขอยืม

รายการใกล้เคียง
    ผู้แต่ง [ไอศิยา]

BibComment


ยังไม่เคยถูกคอมเมนท์

คอมเมนท์ทรัพยากรรายการนี้
  คอมเมนท์: มนตราอธิฐาน ไอศิยา


 Copyright 2026. Bcnsprnw @Library